000 00465pab a2200145 454500
008 180718b1990 xxu||||| |||| 00| 0 eng d
100 _aNg - Quinn, Michael
245 _aFunction - oriented and functionally indued expansion as bureaucratic responses to modernisation
_bThe case of the Royal Hong Kong Police
260 _c1990
300 _a101-17
362 _aJan.-Mar.
650 _aPolice
773 _aPublic Administration and Development
909 _a15591
999 _c15591
_d15591